La respuesta de Chile: fondo nacional para la prevención del consumo de drogas
Salvato in:
| Ente Autore: | |
|---|---|
| Natura: | Libro |
| Lingua: | spagnolo |
| Pubblicazione: |
Santiago
Consejo Nacional para el control de Estupefacientes
1997
|
| Soggetti: | |
| Tags: |
Aggiungi Tag
Nessun Tag, puoi essere il primo ad aggiungerne!!
|
MARC
| LEADER | 00000nam a2200000 a 4500 | ||
|---|---|---|---|
| 001 | UCR1838 | ||
| 003 | CL-VaPUC | ||
| 008 | 971219e19970000CL |||||||||||||||||spa|d | ||
| 082 | 0 | 4 | |a 362.293 |b CON |2 21 |
| 110 | 2 | |a Consejo Nacional para el Control de Estupefacientes |e author |9 399377 | |
| 245 | 1 | 3 | |a La respuesta de Chile: fondo nacional para la prevención del consumo de drogas |
| 300 | |a 94 p | ||
| 942 | |c BK | ||
| 945 | |d 19971219 00:00:00 |a jquezada | ||
| 260 | |a Santiago |b Consejo Nacional para el control de Estupefacientes |c 1997 | ||
| 650 | 0 | |a Drogas |9 254877 | |
| 650 | 0 | |a Drogadicción |9 331967 | |
| 650 | 0 | |a Aspectos sociales |9 254894 | |
| 650 | 0 | |a Consumo de drogas |9 390009 | |
| 650 | 0 | |a Adolescentes |9 308058 | |
| 650 | 0 | |a Rehabilitación |9 307382 | |
| 651 | 7 | |a CHILE |2 CL-VaPUC |9 399378 | |
| 583 | |a last modification |c 19971219 00:00:00 |k Rodrigo Vera | ||
| 999 | |c 265199 |d 265197 | ||
| 952 | |0 0 |1 0 |4 0 |6 362_293000000000000_CON_1997 |7 0 |8 A |9 296038 |a BIBEDU |b BIBEDU |d 2019-11-20 |i 3381021 |o 362.293 CON 1997 |p 3381021 |r 2019-11-20 |w 2019-11-20 |y BK |k EDU | ||